000 00636nam a2200193 a 4500
001 000008346
005 20251104125016.0
008 090916s1957 dr r 000 0 spa d
040 _aDO-SdBNP
_bspa
_cBNPHU
082 _a633.61097293
_bV635i
100 1 _aVicini, José D.
_922537
245 1 3 _aLa isla del azúcar /
_cJosé D. Vicini.
260 _aCiudad Trujillo, República Dominicana :
_bPol hermanos,
_c1957.
300 _a116 p. ;
_c24 cm.
590 _aInventariado, 2018/BT
650 0 _aCaña de azucar
_xCultivo
_922166
650 4 _aIndustria de la caña de azúcar
_922538
910 _aValidado. Control de calidad. MMOLINA
999 _c8117
_d8117